இது அத்தியாவசிய வாதம் குறைவே நிறைவு/
Saved in:
| Main Author: | |
|---|---|
| Other Authors: | |
| Format: | Book |
| Language: | English Tamil |
| Published: |
சென்னை:
மஞ்சுள் பப்ளிசிங் ஹவுஸ்,
2023
|
| Subjects: | |
| Tags: |
Add Tag
No Tags, Be the first to tag this record!
|
MARC
| LEADER | 00000nam a22000007a 4500 | ||
|---|---|---|---|
| 005 | 20260411102437.0 | ||
| 008 | 260411b |||||||| |||| 00| 0 eng d | ||
| 020 | |a 9789355433343 | ||
| 041 | |a tam | ||
| 082 | |a 158.1 |b மெக்யூ | ||
| 100 | |a மெக்யூன்,கிரெக் |9 117232 | ||
| 245 | |a இது அத்தியாவசிய வாதம் குறைவே நிறைவு/ |c கிரெக் மெக்யூன் | ||
| 260 | |a சென்னை: |b மஞ்சுள் பப்ளிசிங் ஹவுஸ், |c 2023 | ||
| 300 | |a 274p.: |b ill; |c 20.cm | ||
| 500 | |a Purchased | ||
| 650 | |a தனிப்பட்ட மேம்பாடு மற்றும் பகுப்பாய்வு | ||
| 700 | |a குமாரசாமி ,PSV மொழிபெயர்ப்பு -தமிழில்) |9 117228 | ||
| 942 | |c BK | ||
| 999 | |c 71275 |d 71275 | ||